Central Library OPAC University of Rajshahi

Governments and politics of Southeast Asia / (Record no. 38065)

MARC details
000 -LEADER
fixed length control field 00925nam a22002771 4500
001 - CONTROL NUMBER
control field 38065
003 - CONTROL NUMBER IDENTIFIER
rucl marc code BD-RjUL
005 - DATE AND TIME OF LATEST TRANSACTION
control field 20211209052721.0
008 - FIXED-LENGTH DATA ELEMENTS--GENERAL INFORMATION
fixed length control field 150903s1964 nyub b 000 0 eng
035 ## - SYSTEM CONTROL NUMBER
System control number (BD-RjUL)38170
040 ## - CATALOGING SOURCE
Original cataloging agency DLC
Transcribing agency DLC
Modifying agency DLC
-- BD-RjUL
Language of cataloging eng
041 ## - LANGUAGE CODE
Language code of text/sound track or separate title eng
082 00 - DEWEY DECIMAL CLASSIFICATION NUMBER
Classification number 354.59
Author mark and year KAG 1964
100 ## - MAIN ENTRY--PERSONAL NAME
Personal name Kahin, George McTurnan,
9 (RLIN) 117852
245 10 - TITLE STATEMENT
Title Governments and politics of Southeast Asia /
Statement of responsibility, etc. George McTurnan Kahin ; Contributors David A. Wilson... [et al.]
250 ## - EDITION STATEMENT
Edition statement 2d ed.
260 ## - PUBLICATION, DISTRIBUTION, ETC. (IMPRINT)
Place of publication, distribution, etc. Ithaca, N.Y. :
Name of publisher, distributor, etc. Cornell University Press,
Date of publication, distribution, etc. 1964.
300 ## - PHYSICAL DESCRIPTION
Pagination xvii, 796 p. :
Illustrations ill. maps (2 fold.) ;
Size 24 cm.
504 ## - BIBLIOGRAPHY, ETC. NOTE
Bibliography, etc Includes bibliographies.
651 #0 - SUBJECT ADDED ENTRY--GEOGRAPHIC NAME
Geographic name Southeast Asia
General subdivision Politics and government
Chronological subdivision 1945-
9 (RLIN) 117841
Geographic name Southeast Asia
General subdivision Social conditions.
9 (RLIN) 117842
700 ## - ADDED ENTRY--PERSONAL NAME
Personal name Wilson, David A.
942 ## - ADDED ENTRY ELEMENTS (KOHA)
Source of classification or shelving scheme Dewey Decimal Classification
Koha item type Books
Holdings
Lost status Source of classification or shelving scheme Damaged status Not for loan Collection code Permanent Location Current Location Shelving location Date acquired Source of acquisition Cost, normal purchase price Total Checkouts Full call number Date last seen Date checked out Copy number Koha item type
  Dewey Decimal Classification     Non-fiction Central Library, University of Rajshahi Central Library, University of Rajshahi   12/05/1967 University book agency 69.00 3 354.59 KAG 1964 18/09/2023 31/08/2023 C-2 Books
  Dewey Decimal Classification   Not For Loan Non-fiction Central Library, University of Rajshahi Central Library, University of Rajshahi   12/05/1967 University book agency 69.00   354.59 KAG 1964 08/05/2016   C-1 Books